Past tenses 6 - Statistics

General Stats
  • This quiz has been taken 32 times
  • The average score is 13 of 15
Answer Stats
Present tense Past tense % Correct
Make Made
100%
Know Knew
96%
Baulk Baulked
88%
Bawl Bawled
88%
Bear Bore
88%
Fan Fanned
88%
Halt Halted
88%
Upstand Upstood
88%
Bore Bored
85%
Index Indexed
85%
Knee Kneed
85%
Redact Redacted
85%
Wig Wigged
85%
Snooker Snookered
81%
Pillory Pilloried
77%
No matching quizzes found
Score Distribution
Percent of People with Each Score
Percentile by Number Answered
Your Score History
You have not taken this quiz